000 00464nam a2200157Ia 4500
008 220216s9999 xx 000 0 und d
100 _aGurvich Mark R
245 0 _aHysteretic energy loss in cord/rubber composites under 2-D cyclic loading
260 _bRubber Chemistry and Technology
_c2001
300 _a871-882
650 _a2-D cyclic loading
650 _aCord/rubber composites
700 _aAndonian Archie T
700 _aKim Soojaa L
942 _cJS
999 _c60574
_d60574